106 seltene Jungennamen - Statistiken

Allgemein
  • Dieses Quiz wurde 34 mal gespielt
  • Das Durchschnittsergebnis liegt bei 27 aus 106
Antwortstatistiken
📍 Vorname % Korrekt
Ad.m Adam
87%
Ax.l Axel
71%
Ad.n Adan
65%
Ko.r.d Konrad
61%
M.x.m Maxim
58%
Le.n.x Lennox
55%
Sa.u Samu
55%
An.g.r Ansgar
52%
Ca.p.r Caspar
52%
Ja.p.r Jasper
52%
Ju.t.s Justus
52%
Mi.o Milo
52%
Yv.s Yves
52%
C.s.m.r Casimir
48%
Fe.d.n..d Ferdinand
48%
Gu.t.v Gustav
48%
L.v Lev
48%
Qu..t.n Quentin
48%
Jo.l Joel
45%
M.x.m.s Maximus
45%
N.c.l.s Nicolas
45%
R.o Rio
45%
S.m..l Samuel
45%
T.m.n Timon
45%
A.v.d Arvid
42%
L.u Lou
42%
Ph..n.x Phoenix
42%
S.v.r.n Severin
42%
Ve.t Veit
42%
D.m..n Damian
39%
H.g.n Hagen
39%
Od.n Odan
39%
F.y.n Flynn
35%
Ke.o Keno
35%
Li.n Lian
35%
N.t..n..l Nathaniel
35%
Xa.d.r Xander
35%
Ar.o Arlo
32%
Br..o Bruno
32%
Lu.n Luan
32%
Ma.s Mats
32%
Ni.o Nino
32%
O.t.v..n Octavian
32%
R.b.n Ruben
32%
Ki.n Kian
29%
Q.i.n Quinn
29%
S.v.r.s Severus
29%
Za.n Zayn
29%
L.a.d.r Leander
26%
Rh.s Rhys
26%
En.o Enzo
23%
La.r..z Laurenz
23%
Mi.o Miko
23%
V.l.r..n Valerian
23%
D.n.t.l.o Donatello
19%
L.c..n Lucian
19%
Pe.n Penn
19%
Qu.n.y Quincy
19%
J.n.s Janus
16%
J.r.k Jarek
16%
J.l.a.o Juliano
16%
Ma.r..z Mauritz
16%
Ph.n..s Phineas
16%
A.s..m Anselm
13%
Co..o Cosmo
13%
E.i.n Elian
13%
H.n..s Hennes
13%
Hi.m.r Hilmar
13%
I.n.z Ignaz
13%
J.r.k Jorek
13%
La.z.o Laszlo
13%
Re.i Remi
13%
Si.v.n Silvan
13%
Ar..n Arian
10%
D.r..n Dorian
10%
Ga.l Gael
10%
Ho.u Hoku
10%
O.s.n Orson
10%
B.w.e Bowie
6%
De.t.r Dexter
6%
Fi..g.r..d Fitzgerald
6%
K.e.l Kjell
6%
L.a.o Leano
6%
Ba.t.r Baxter
3%
Ch..t.r Chester
3%
E.m.n Eamon
3%
El.a.o Eleano
3%
E.w.n Elwin
3%
Ev..d.r Evander
3%
I.r.s Idris
3%
I.n.t..s Ignatius
3%
J.s..s Josias
3%
M.l..n Milian
3%
N.l.n Nolan
3%
St..l.n Stellan
3%
Th.l.n..s Thelonius
3%
Th.a.o Thiago
3%
T.m.e Tomke
3%
B.e.n.n Brennon
0%
C.i.s Caius
0%
E.a.o Elano
0%
G.l..s Gillis
0%
Hu.l.y Huxley
0%
O.s.n Oisin
0%
Th.r.n Theron
0%
Z.n..h Zenith
0%
Keine übereinstimmenden Quizze gefunden
Verteilung der Resultate
Anzahl Personen mit jedem Resultat
Perzentil nach korrekt beantworteten Fragen
Ihre Resultats-Entwicklung
Sie haben dieses Quiz noch nicht gespielt